书目信息 |
| 题名: |
中国动物志
|
|
| 作者: | 林光宇 | |
| 分册: | ||
| 出版信息: | 北京 科学出版社 1997 |
|
| 页数: | 216 | |
| 开本: | 26cm | |
| 丛书名: | ||
| 单 册: | ||
| 中图分类: | Q19 | |
| 科图分类: | ||
| 主题词: | 生物学:分类学 | |
| 电子资源: | ||
| ISBN: | 7-03-005635-3 | |
| 000 | 00623nam0 2200193 450 | |
| 001 | 0741144344 | |
| 005 | 20070817112544.34 | |
| 010 | @a7-03-005635-3@b精装@d¥44.00 | |
| 100 | @a20070817d km y0chiy0120 ea | |
| 101 | 0 | @achi |
| 200 | 1 | @a中国动物志@Azhong guo dong wu zhi@e软体动物门 腹足纲 后鳃亚纲@f林光宇@Flin guang yu |
| 210 | @a北京@c科学出版社@d1997 | |
| 215 | @a216@c彩图@d26cm | |
| 517 | 1 | @a软体动物门 腹足纲 后鳃亚纲@Aruan ti dong wu men fu zu gang hou sai ya gang |
| 606 | 0 | @a生物学:分类学 |
| 690 | @aQ19@v3 | |
| 701 | 0 | @a林光宇@Alin guang yu |
| 801 | 0 | @aCN@bPFT@c20070817 |
| 905 | @a213230@dQ19@en1:2@f1 | |
| 中国动物志:软体动物门 腹足纲 后鳃亚纲/林光宇.-北京:科学出版社,1997 |
| 216:彩图;26cm |
| ISBN 7-03-005635-3(精装):¥44.00 |
| ● |
| 相关链接 |
|
|
|
|
正题名:中国动物志
索取号:Q19/n1:2
 
预约/预借
| 序号 | 登录号 | 条形码 | 馆藏地/架位号 | 状态 | 备注 |
| 1 | 6600088 | 266000882 | 密集书库-生命科学系/ [索取号:Q19/n1:2] | 在馆 |